LEADER 01204nam0-22003971i-450- 001 990005510700203316 005 20030820120000.0 035 $a000551070 035 $aUSA01000551070 035 $a(ALEPH)000551070USA01 035 $a000551070 100 $a20030502d2000-------|0enac50------ba 101 $aeng 102 $aGB 105 $a|||| ||||| 200 1 $aEquilibrium unemployment theory$fChristopher A. Pissarides. - 2. ed 210 $aCambridge$aLondon$cThe Mit Press$d2000 215 $aXIX, 252 p.$d23 cm 606 $aDisoccupazione$xmodelli matematici$2FI 606 $aEquilibrio (economia)$2FI 620 $dLondon 620 $dCambridge 676 $a331.133$cDiscriminazione nell'occupazione$v21 700 1$aPISSARIDES,$bChristopher A.$088922 712 $aThe Mit Press 801 $aIT$bSOL$c20120104 912 $a990005510700203316 950 $aDIP.TO SCIENZE ECONOMICHE - (SA)$dDS 300 331.133 PIS$e11252 DISES 951 $a300 331.133 PIS$b11252 DISES 959 $aBK 969 $aDISES 979 $c20121027$lUSA01$h1532 979 $c20121027$lUSA01$h1613 996 $aEquilibrium unemployment theory$938413 997 $aUNISA NUM $aUSA12038